El poder nuestro de cada día: pobladores. Historia. Acción popular constituyente
Gardado en:
| Autor Principal: | |
|---|---|
| Formato: | Libro |
| Idioma: | Lingua castelá |
| Publicado: |
Santiago
Lom Ediciones
2016
|
| Series: | Colección de Bolsillo
|
| Subjects: | |
| Tags: |
Engadir etiqueta
Sen Etiquetas, Sexa o primeiro en etiquetar este rexistro!
|
MARC
| LEADER | 00000cam a2200000 a 4500 | ||
|---|---|---|---|
| 001 | UCC7913 | ||
| 003 | CL-VaPUC | ||
| 005 | 20250505164444.0 | ||
| 008 | 190520e20160000cl |||||||||||||||||spa|d | ||
| 999 | |c 374426 |d 374424 | ||
| 020 | |a 9789560008213 | ||
| 040 | |c Pontificia Universidad Católica de Valparaíso | ||
| 082 | 0 | 4 | |a 320.011 SAL 2016 |2 21 |
| 100 | |a Salazar Vergara, Gabriel Segundo |e autor |9 621733 | ||
| 245 | 1 | 3 | |a El poder nuestro de cada día: pobladores. Historia. Acción popular constituyente |
| 260 | |a Santiago |b Lom Ediciones |c 2016 | ||
| 300 | |a 128 páginas | ||
| 440 | |a Colección de Bolsillo |9 856677 | ||
| 583 | |a last modification |c 20190520 16:29:00 |k Rodrigo Vera | ||
| 650 | 0 | |a Poder político |9 255509 | |
| 650 | 7 | |a TEORIA POLITICA |2 CL-VaPUC |9 602655 | |
| 650 | 0 | |a Representación política |9 362081 | |
| 852 | |a BIBHIS | ||
| 942 | |c BK |2 ddc | ||
| 945 | |d 20190520 16:29:00 |a dcastane | ||
| 952 | |0 0 |1 0 |3 erb |4 0 |6 320_011000000000000_SAL_2016 |7 0 |8 A |9 492950 |a BIBHIS |b BIBHIS |d 2019-05-08 |e 11 |g 5300.00 |i 5549388 |o 320.011 SAL 2016 |p 5549388 |r 2025-01-20 |v 5300.00 |w 2019-11-24 |y BK |z Catalogado en:20190520 |k HIS | ||